Pokemony typu... #10 - Statystyki

Ogólne statystyki
  • Ten quiz został rozwiązany 35 razy
    32 od ostatniego zresetowania
  • Średni wynik to 20 z 73
Statystyki odpowiedzi
Pokemon % Poprawnych
Umbreon
64%
Darkrai
61%
Houndour
54%
Houndoom
50%
Mega Houndoom
50%
Mega Sableye
46%
Murkrow
46%
Sableye
46%
Deino
39%
Mega Tyranitar
39%
Poochyena
39%
Sneasel
39%
Tyranitar
39%
Absol
36%
Alolański Grimer
36%
Alolański Meowth
36%
Alolański Muk
36%
Alolański Persian
36%
Alolański Raticate
36%
Mega Absol
36%
Mightyena
36%
Weavile
36%
Alolańska Rattata
32%
Honchkrow
32%
Hydreigon
32%
Krokorok
29%
Mega Gyarados
29%
Mega Sharpedo
29%
Sharpedo
29%
Shiftry
29%
Yveltal
29%
Zoroark
29%
Zorua
29%
Zweilous
29%
Asho-Greninja
25%
Carvanha
25%
Galariański Moltres
25%
Greninja Bitewnej Więzi
25%
Guzzlord
25%
Nuzleaf
25%
Pangoro
25%
Sandile
25%
Bisharp
21%
Gigantamax Urshifu (Single Strike)
21%
Grimmsnarl
21%
Impidimp
21%
Inkay
21%
Krookodile
21%
Liepard
21%
Linoone
21%
Malamar
21%
Purrloin
21%
Stunky
21%
Urshifu (Single Strike)
21%
Drapion
18%
Gigantamax Grimmsnarl
18%
Incineroar
18%
Obstagoon
18%
Scrafty
18%
Skuntank
18%
Cacturne
14%
Hoopa (Forma Uwolniona)
14%
Morgrem
14%
Morpeko
14%
Pawniard
14%
Scraggy
14%
Vullaby
14%
Zigzagoon
14%
Mandibuzz
11%
Spiritomb
11%
Crawdaunt
7%
Nickit
7%
Thievul
7%
Nie znaleziono quizów pasujących do podanych kryteriów
Rozkład punktacji
Procent ludzi z każdym wynikiem
Percentyl według liczby udzielonych odpowiedzi
Twoja historia wyników
Nie rozwiązałeś tego quizu od ostatniego zresetowania